00457 2200181 4500001002100000005001500021008004100036020001800077035001900095041000700114082001000121090001600131100001700147245002000164260003400184300002900218650002800247INLIS00000000000396120241224112824241224||||||||| | ||| |||| || |  a0-516-44536-7 0010-1224003961 aid0 a927.8 a927.8 MIK g0 aMike Venezia00aGeorge Gershwin acanadabChildrens Pressc1994 a32 hlm. : ilus, ; 23 cm. 0aIlmu Sejarah & Biografi